O Rozárce Čarodějné a zlobivém Pepíkovi /

Příběh s malou detektivní zápletkou o jedné malé čarodějnici, která musela nastoupit do lidské školy.

Hlavní autor: Martišková, Petra, 1977-
Další autoři: Nováčková, Marie, 1994-
Jazyk: Čeština
Vydáno: Praha : Bambook, 2020
Vydání: Vydání 1.
Témata:
Fyzický popis: 62 stran : barevné ilustrace ; 22 cm
Knihy
Uloženo v:
LEADER 02130nam a2200457 i 4500
001 nkc20203237656
003 CZ PrNK
005 20221216134211.0
007 ta
008 200703s2020 xr a b 000 j cze
015 |a cnb003237656 
020 |a 978-80-271-1380-4  |q (vázáno) :  |c Kč 189,00 
035 |a (OCoLC)1200257274 
040 |a ABG001  |b cze  |d ABA001  |e rda 
072 7 |a 821.162.3-3  |x Česká próza  |2 Konspekt  |9 25 
072 7 |a 821-93  |x Literatura pro děti a mládež (beletrie)  |2 Konspekt  |9 26 
080 |a 821.162.3-32  |2 MRF 
080 |a 821-93  |2 MRF 
080 |a (0:82-32)  |2 MRF 
100 1 |a Martišková, Petra,  |d 1977-  |7 xx0041768  |4 aut 
245 1 0 |a O Rozárce Čarodějné a zlobivém Pepíkovi /  |c Petra Martišková, Marie Nováčková 
250 |a Vydání 1. 
264 1 |a Praha :  |b Bambook,  |c 2020 
300 |a 62 stran :  |b barevné ilustrace ;  |c 22 cm 
336 |a text  |b txt  |2 rdacontent 
337 |a bez média  |b n  |2 rdamedia 
338 |a svazek  |b nc  |2 rdacarrier 
500 |a "Ilustrace Marie Nováčková"--Tiráž 
520 2 |a Příběh s malou detektivní zápletkou o jedné malé čarodějnici, která musela nastoupit do lidské školy.  |b Rozárka se stěhuje do města a začíná chodit do lidské školy, kam se jí ale vůbec nechce. A ještě k tomu sedí v lavici s Pepíkem, který je snad nezlobivější kluk na světě. Pořád ji popichuje, žaluje na ni a dělá samé naschvály. A tak se Rozárka rozhodne, že mu dá pomocí čar a kouzel za vyučenou. Budou ale na záškodníka Pepíka její zaklínadla stačit? Nakladatelská anotace. Kráceno. 
655 7 |a české příběhy  |7 fd133973  |2 czenas 
655 7 |a publikace pro děti  |7 fd133156  |2 czenas 
655 9 |a Czech stories  |2 eczenas 
655 9 |a children's literature  |2 eczenas 
700 1 |a Nováčková, Marie,  |d 1994-  |7 jo20221171712  |4 ill 
910 2 |a BOA001  |b 2-1447.896 
920 |a 4544847  |z ABG001 
928 9 |a Grada Publishing - Bambook 
990 |a BK 
995 |a 01 
991 |b 202007  |c NOV 
996 6 |b 2610830243  |c 2-1447.896  |l MZK  |r Sklad / do 1 hodiny  |n 1  |p p.v.  |w 001813265  |u 000010  |a 1  |e BOA001  |j MZK50  |s P